Statistics for Guess the One Direction song with no hints #13

Click here to take the quiz!

General Stats

  • This quiz has been taken 376 times
  • The average score is 216 of 322

Answer Stats

Answer% Correct
You
99%
you
99%
the
94%
we
93%
And
90%
and
90%
me
89%
in
86%
it,
85%
be
84%
on
84%
to
83%
your
83%
my
82%
Like
80%
like
80%
we're
78%
We're
78%
were
78%
Don't
77%
don't
77%
of
77%
know
76%
know,
76%
this
76%
what
76%
all
75%
All
75%
for
75%
I'm
69%
Yeah
69%
yeah
69%
say
67%
could
66%
how
64%
just
64%
out
64%
There
64%
I'll
63%
stay
63%
but
62%
Got
62%
make
62%
our
62%
always
61%
Always
61%
gonna
61%
a.m.?
59%
a.m.
59%
'Cause
59%
Cause
59%
'cause
59%
made
59%
'til
59%
time
59%
time?
59%
never
57%
Won't
57%
now
56%
conversations
55%
favourite
54%
wanna
54%
about
53%
forever
53%
going
53%
these
52%
tonight
52%
right
51%
same
51%
talking
51%
Feels
50%
look
50%
saying
50%
asses
49%
glasses
49%
part
46%
back
45%
raised
45%
used
45%
World
45%
around
44%
'round
44%
swimming
44%
town
44%
forget
43%
ground
43%
Remember
43%
face
41%
place
41%
scars
41%
War
40%
3
39%
Break
39%
loud
39%
wasting
39%
kick
38%
outside
38%
coming
37%
dreaming
36%
sleep
36%
Trying
36%
learned
33%
behave
32%
clocks
31%

Score Distribution

Percentile by Number Answered

Percent of People with Each Score

Your Score History

You have not taken this quiz